[Geometry Dash] Impossible Levels List - Statistics

General Stats
  • This quiz has been taken 43 times
  • The average score is 16 of 100
Answer Stats
# Creator Level % Correct
1 crmsn Open Window
81%
2 Skub Tax Evasion
81%
5 Eightos CYCLOLCYC
66%
6 Eightos Formosa
66%
45 Sailent & Cyrillic Silent Circles
53%
7 Adaf & Eightos Domba
50%
37 maxfs arcturus
44%
14 Eightos Ballistic wistfully
44%
3 SureFir3 Oxygen Shotgun
41%
32 070 Singularity
38%
23 Phairene wistfully
38%
30 gdmiracle Kingdom of Miracalis
34%
40 xVOLUMNIUS MINUSclub
34%
11 Ewe23 & Eightos Schafs II
31%
20 Hipolaaa & Eightos The Golden
31%
10 TSViti MINUSdynamix
28%
34 GionniBlood Six Paths of Pain
28%
4 Gqc firefly
25%
9 Gqc MUTEclub
25%
95 | 100 gdmiracle Realm Of Bloodshadow
25%
8 tendart Lunar Empress
22%
17 Phairene mute evasion
22%
43 starz879 regularity
22%
15 therealmartini Dawnscapes
19%
51 maxfs lastheory
19%
31 HaydenDom MINUStheory
19%
26 Pieguy57 The Squall
19%
19 2A0L0I3 Cyberphobia
16%
16 kenzokyth homg
16%
22 AuraXalaiv METH DEATH X
16%
87 AuraXalaiv PISS
16%
36 DiosselMusic Silent Skrillex
16%
42 maus999 The Hell Heaven
16%
24 realhutoew THE LIMIT
16%
63 realhutoew VERY SAD HUTOEW
16%
27 AuraXalaiv C#M
13%
81 SureFir3 CUTOFFYOURHANDS
13%
18 Andra86 Deadly Deimos
13%
25 SureFir3 Deep Pressure
13%
97 tendart el dorado
13%
21 Relayne Joke Resubmission
13%
44 Nxaelevend Level Submission
13%
38 DiosselMusic NU Silent Skrillex
13%
98 AuraXalaiv SHIT
13%
13 coolboymoney123 Tarsorado Demon
13%
35 IiIOpTiCaLIiI The Twilight Zone
13%
12 Zzhansa Tob odin
13%
28 illuminati65 Transfinite Void
13%
82 AuraXalaiv AwesomeHexagonForce
9%
71 AnonIIExt Detrimental Effect
9%
93 Relayne DINGUS DIMENSION
9%
90 Aubergine111 Hutoew Madness
9%
33 Vyth Ku259Half-Life
9%
41 Nxaelevend Last Memories
9%
47 Jehes No Mercy
9%
49 IiIOpTiCaLIiI Satanic Palm Mutes
9%
69 Ewe23 Sheep2Day
9%
74 DShifter Swagman Adventures
9%
91 Prometheus The Car Finale
9%
39 quartious The Final Circle
9%
48 SurFir3 WAR HORSE
9%
73 Eightos Xane Gets Trippy
9%
80 Mattsstuff Xs and Os
9%
62 Kalculus19 Back from the Grave
6%
76 tendart Carmel Destiny
6%
59 AnonIIExt Comet Destroyer
6%
78 Arsenjeex Hell to play II
6%
83 akyse HMSCSCCISCCS
6%
52 Gqc iceberg
6%
46 crmsn Miss Massacre
6%
58 Kalculus19 My F#cking Nuts
6%
88 glitchi Promise
6%
54 Gqc Purple World
6%
65 AuraXalaiv Relife 2019
6%
64 070 Sad Santa
6%
75 OtherChris saugen
6%
99 7300 Sheep1Day
6%
50 maus999 SilentDemonPlanet Z
6%
70 Gqc System
6%
29 SureFir3 TAKYON
6%
57 khacs the poison tree
6%
89 Prometheus 107 Bohrium
3%
79 Mattsstuff Amissa Stellae
3%
86 VoidedArchive Basalt Caverns
3%
84 Kalculus19 boston tea party map
3%
60 Gqc Crystal Dunes
3%
72 iitacocatii Death Dimension II
3%
92 glitchi GXXDNXGHT
3%
85 MateussDev Madness
3%
66 convindix Radiation Pressure
3%
61 SylenPaws Sailent Discoworld
3%
68 jojo989 Silent Time Machine
3%
67 realhutoew Treasures of Ruin
3%
96 IiIOpTiCaLIiI XSaTan
3%
55 entity1111112 youknowwhatthatmeans
3%
94 realhutoew An Eighteen Year
0%
77 2A0L0I3 Dreamopolis V2
0%
53 AnonllExt Parousia Diluvi Fix
0%
56 AuraXalaiv Silentium Excelus
0%
No matching quizzes found
Score Distribution
Percent of People with Each Score
Percentile by Number Answered
Your Score History
You have not taken this quiz